000 00485nam a2200181Ia 4500
003 LK-CoDNM
008 010623t2007 xxu||||| |||| 00| 1 sin d
040 _aLK-CoDNM
_dLK-CoDNM
_eLK-CoDNM
041 _asin
080 _aX 398 MAN
100 _aManawadu,Susiripala
245 _aජන වහරේ වියත් ලකුණු
246 _aJana Wahare Viyath Lakunu
260 _bGodage
_aColombo
_c2007
300 _b104p, 21 cm
650 _aMathara Palatha
942 _cBK
999 _c126656
_d126656